[Event "28th WSCC2018 - Open 50+"]
[Site "Bled"]
[Date "2018.11.25"]
[Round "7.1"]
[White "Danielsen, Henrik"]
[Black "Sturua, Zurab"]
[Result "1/2-1/2"]
[WhiteElo "2504"]
[BlackElo "2529"]
[PlyCount "31"]
[EventDate "2018.11.18"]

1. g3 d5 2. Nf3 Nf6 3. Bg2 g6 4. O-O Bg7 5. c4 c6 6. cxd5 cxd5 7. d4 O-O 8. Nc3
Ne4 9. Nxe4 dxe4 10. Ne5 Qd5 11. Be3 Nd7 12. Qc2 Nxe5 13. Bxe4 Qc4 14. dxe5
Qxc2 15. Bxc2 Bxe5 16. Be4 1/2-1/2

[Event "28th WSCC2018 - Open 50+"]
[Site "Bled"]
[Date "2018.11.25"]
[Round "7.3"]
[White "Movsziszian, Karen"]
[Black "Prie, Eric"]
[Result "1-0"]
[WhiteElo "2513"]
[BlackElo "2482"]
[PlyCount "138"]
[EventDate "2018.11.18"]

1. g3 d5 2. Nf3 Bg4 3. Bg2 Nd7 4. c4 e6 5. cxd5 exd5 6. Qb3 Nc5 7. Qc2 Nf6 8.
O-O Bd6 9. b4 Ne6 10. Bb2 O-O 11. a3 Re8 12. d3 Bxf3 13. Bxf3 c6 14. Nd2 Ng5
15. Bg2 Rxe2 16. h4 Ng4 17. Qd1 Qe7 18. Bd4 Re8 19. hxg5 Qxg5 20. Nf3 Qh5 21.
Re1 Rxe1+ 22. Nxe1 Bxg3 23. fxg3 Qh2+ 24. Kf1 Qxg3 25. Bg1 Re6 26. Nf3 h5 27.
Ra2 h4 28. Bf2 Qf4 29. Re2 h3 30. Bh1 Rg6 31. Re8+ Kh7 32. Qd2 Qf6 33. Bd4 Qf5
34. Ke2 f6 35. Kd1 Qd7 36. Qe1 c5 37. bxc5 Qa4+ 38. Kd2 Qxa3 39. Qh4+ Nh6 40.
Qxh3 Qa2+ 41. Ke3 Rg4 42. Qh5 Qc2 43. Qxd5 Kg6 44. Ne5+ fxe5 45. Be4+ Rxe4+ 46.
Qxe4+ Nf5+ 47. Kf3 Qd1+ 48. Kg2 exd4 49. Qe2 Qc1 50. Qg4+ Kf7 51. Qxf5+ Kxe8
52. Qc8+ Ke7 53. Qxb7+ Kf6 54. Qc6+ Kg5 55. Qd5+ Kg6 56. Qe6+ Kg5 57. Qe5+ Kg6
58. Qe4+ Kg5 59. Qxd4 a5 60. Qxg7+ Kf5 61. Qf7+ Kg5 62. Qd5+ Kf4 63. Qe4+ Kg5
64. c6 Qc2+ 65. Kg3 a4 66. Qe5+ Kg6 67. Qd6+ Kf5 68. c7 a3 69. Qd7+ Ke5 1-0

[Event "28th WSCC2018 - Open 50+"]
[Site "Bled"]
[Date "2018.11.25"]
[Round "7.4"]
[White "Van Der Werf, Mark"]
[Black "Bischoff, Klaus"]
[Result "1/2-1/2"]
[WhiteElo "2402"]
[BlackElo "2507"]
[PlyCount "97"]
[EventDate "2018.11.18"]

1. d4 Nf6 2. c4 e6 3. Nc3 Bb4 4. e3 c5 5. Nge2 cxd4 6. exd4 O-O 7. a3 Be7 8.
Nf4 d6 9. Be2 Nbd7 10. O-O a6 11. Be3 Qc7 12. b4 b6 13. Qb3 Bb7 14. Rac1 Ne4
15. Nxe4 Bxe4 16. c5 d5 17. f3 Bg6 18. Nxg6 hxg6 19. Qc3 Rfc8 20. Qd2 Qb7 21.
Rfd1 Nb8 22. a4 Nc6 23. b5 axb5 24. axb5 Na5 25. c6 Qc7 26. Bf4 Qd8 27. Qc3 g5
28. Bg3 g6 29. Qe3 Bf6 30. Be5 Qe7 31. Rf1 Bg7 32. Bxg7 Kxg7 33. f4 gxf4 34.
Rxf4 Rh8 35. Rcf1 f5 36. Qe5+ Qf6 37. Qc7+ Kh6 38. Qxb6 Nb3 39. c7 Kg7 40. Bd1
Nd2 41. Qc5 g5 42. R4f2 Ne4 43. Qb4 g4 44. Rc2 Rxh2 45. c8=Q Rxc8 46. Rxc8 Rh1+
47. Kxh1 Qh6+ 48. Kg1 Qe3+ 49. Kh1 1/2-1/2

[Event "28th WSCC2018 - Open 50+"]
[Site "Bled"]
[Date "2018.11.25"]
[Round "7.5"]
[White "Vareille, Francois"]
[Black "Cummings, David H"]
[Result "1/2-1/2"]
[WhiteElo "2432"]
[BlackElo "2331"]
[PlyCount "53"]
[EventDate "2018.11.18"]

1. d4 d5 2. c4 e6 3. Nc3 Nf6 4. cxd5 exd5 5. Bg5 c6 6. Qc2 Be7 7. e3 Nbd7 8.
Bd3 h6 9. Bh4 Nh5 10. Bxe7 Qxe7 11. Nge2 Nb6 12. O-O-O Bd7 13. Kb1 O-O-O 14.
Ka1 Kb8 15. h3 g6 16. Na4 Nxa4 17. Qxa4 Nf6 18. Rhe1 Rhe8 19. Qa5 Ne4 20. Bxe4
Qxe4 21. Nf4 Bc8 22. f3 Qe7 23. Rc1 g5 24. Nd3 f6 25. Qd2 Qd6 26. Qf2 Re7 27.
a3 1/2-1/2

[Event "28th WSCC2018 - Open 50+"]
[Site "Bled"]
[Date "2018.11.25"]
[Round "7.7"]
[White "Plotkin, Victor"]
[Black "Berend, Fred"]
[Result "1/2-1/2"]
[WhiteElo "2307"]
[BlackElo "2369"]
[PlyCount "172"]
[EventDate "2018.11.18"]

1. e4 c5 2. c3 e6 3. d4 d5 4. exd5 Qxd5 5. Nf3 Nf6 6. Be2 Nc6 7. O-O cxd4 8.
cxd4 Be7 9. Nc3 Qd6 10. Nb5 Qb8 11. Bg5 Nd5 12. Bxe7 Ncxe7 13. Ne5 Nc6 14. Bf3
a6 15. Bxd5 Nxe5 16. Nc3 Ng6 17. Be4 O-O 18. Qb3 Rd8 19. Rfd1 Ra7 20. Na4 Bd7
21. Nc5 b6 22. Nxd7 Raxd7 23. d5 Qd6 24. g3 e5 25. Bxg6 hxg6 26. Rac1 b5 27.
Qe3 Rc7 28. Rxc7 Qxc7 29. Rc1 Qd6 30. Rc5 b4 31. Qc1 Kh7 32. Qc4 e4 33. Qxe4
Qb8 34. Qf4 Qxf4 35. gxf4 g5 36. fxg5 Kg6 37. h4 Kh5 38. Rc4 b3 39. axb3 Rxd5
40. Rf4 Rd3 41. Rxf7 Kxh4 42. Rxg7 Rxb3 43. g6 Kg5 44. Ra7 Kxg6 45. Rxa6+ Kf5
46. Ra2 Ke4 47. Kg2 Kf4 48. Kf1 Ke4 49. Ke2 Kd4 50. Kd1 Rf3 51. Ke2 Rb3 52. f3
Ke5 53. Kf2 Kf4 54. Kg2 Rb4 55. Kf2 Rb3 56. Ke2 Ke5 57. Kd2 Rxf3 58. Ra8 Kd6
59. Rc8 Rb3 60. Kc2 Rb5 61. Rc4 Kd5 62. Rc3 Kd4 63. Rh3 Rb8 64. b3 Kc5 65. Kc3
Rg8 66. Rh5+ Kb6 67. Kb4 Rg4+ 68. Ka3 Ka6 69. Rh3 Kb6 70. b4 Rg7 71. Rh6+ Kb5
72. Rh5+ Kb6 73. Kb3 Rf7 74. Rh8 Rg7 75. Rb8+ Ka7 76. Rb5 Ka6 77. Ka4 Rg6 78.
Rb8 Ka7 79. Rb5 Ka6 80. Rh5 Kb6 81. Rh4 Kb7 82. Kb5 Rg5+ 83. Kc4 Rg6 84. Rh5
Kb6 85. Rb5+ Kc7 86. Kb3 Rg1 1/2-1/2

[Event "28th WSCC2018 - Open 50+"]
[Site "Bled"]
[Date "2018.11.25"]
[Round "7.9"]
[White "Baimurzin, Aitkazy"]
[Black "Arkell, Keith C"]
[Result "0-1"]
[WhiteElo "2154"]
[BlackElo "2443"]
[PlyCount "110"]
[EventDate "2018.11.18"]

1. c4 e5 2. Nf3 Nc6 3. Nc3 f5 4. d3 Nf6 5. a3 d6 6. g3 g6 7. Bg2 Bg7 8. O-O O-O
9. Rb1 h6 10. b4 g5 11. b5 Ne7 12. Nd2 Ng6 13. Qb3 Kh8 14. a4 Nd7 15. a5 Nc5
16. Qc2 a6 17. Ba3 Ne6 18. Nb3 Nd4 19. Nxd4 exd4 20. Nd5 axb5 21. cxb5 Rxa5 22.
Bb4 Rxb5 23. Qxc7 Be5 24. Qc4 Bd7 25. Nc7 Rb6 26. Ne6 Bxe6 27. Qxe6 Qe8 28.
Qxe8 Rxe8 29. Bd2 Ra6 30. Rxb7 Ra2 31. Rd1 Re7 32. Rb8+ Kg7 33. Bd5 Rc2 34. Kf1
g4 35. Bb3 Rcc7 36. Ra1 Rb7 37. Rxb7 Rxb7 38. Bd5 Rc7 39. Ke1 h5 40. Ra6 h4 41.
Ba5 Rc1+ 42. Kd2 Rf1 43. f4 Nxf4 44. Ra7+ Kh6 45. gxf4 Bxf4+ 46. Kc2 Bxh2 47.
Bd8 h3 48. Be7 Be5 49. Bxd6 Bxd6 50. Ra6 h2 51. Rxd6+ Kg5 52. Rd8 h1=Q 53. Bxh1
Rxh1 54. Rxd4 g3 55. Rd8 Rh6 0-1

[Event "28th WSCC2018 - Open 50+"]
[Site "Bled"]
[Date "2018.11.25"]
[Round "7.16"]
[White "Chapman, Terry P D"]
[Black "Habibi, Ali"]
[Result "1-0"]
[WhiteElo "2172"]
[BlackElo "2237"]
[PlyCount "68"]
[EventDate "2018.11.18"]

1. Nf3 c5 2. c4 Nf6 3. Nc3 b6 4. d4 cxd4 5. Nxd4 Bb7 6. f3 e6 7. e4 d6 8. Be2
Be7 9. O-O O-O 10. Be3 a6 11. Qd2 Qc7 12. Rfc1 Nbd7 13. a4 Rfe8 14. a5 bxa5 15.
Nb3 Rab8 16. Nxa5 Ba8 17. Na4 Nc5 18. b4 Nxa4 19. Rxa4 Qd7 20. Qa2 g6 21. c5
dxc5 22. bxc5 Qa7 23. Bf2 Nh5 24. Nb3 Bg5 25. Rxa6 Qc7 26. Ra7 Qe5 27. Bd4
Qxd4+ 28. Nxd4 Bxc1 29. Kf2 Bf4 30. Qc4 Bb7 31. Nb5 Bc6 32. Nd6 Rf8 33. Bf1 Be5
34. g3 Rb2+ {(41)} 1-0

[Event "28th WSCC2018 - Open 50+"]
[Site "Bled"]
[Date "2018.11.25"]
[Round "7.17"]
[White "Stentebjerg-Hansen, Per"]
[Black "Farrell, Neil"]
[Result "1/2-1/2"]
[WhiteElo "2219"]
[BlackElo "2117"]
[PlyCount "39"]
[EventDate "2018.11.18"]

1. d4 e6 2. c4 Nf6 3. Nc3 Bb4 4. e3 O-O 5. Bd3 d5 6. Nge2 c5 7. a3 Bxc3+ 8.
Nxc3 cxd4 9. exd4 dxc4 10. Bxc4 Nc6 11. Be3 Nd5 12. O-O Nce7 13. Bd3 b6 14. Qh5
Nf5 15. Qh3 g6 16. Rfe1 Bb7 17. Rac1 Rc8 18. Be4 Qd7 19. Nxd5 Bxd5 20. Bxf5 {
(66)} 1/2-1/2

[Event "28th WSCC2018 - Open 50+"]
[Site "Bled"]
[Date "2018.11.25"]
[Round "7.18"]
[White "Kranzl, Peter"]
[Black "Bergstrom, Rolf"]
[Result "1/2-1/2"]
[WhiteElo "2163"]
[BlackElo "2216"]
[PlyCount "29"]
[EventDate "2018.11.18"]

1. Nf3 b6 2. g3 Bb7 3. Bg2 f5 4. O-O Nf6 5. d3 e6 6. Nbd2 Be7 7. e4 fxe4 8.
dxe4 b5 9. e5 Nd5 10. Re1 O-O 11. a4 a6 12. axb5 axb5 13. Rxa8 Bxa8 14. Nd4 b4
15. Ne4 1/2-1/2

[Event "28th WSCC2018 - Open 50+"]
[Site "Bled"]
[Date "2018.11.25"]
[Round "7.19"]
[White "Koehler, Gerhard"]
[Black "Peter, Steven"]
[Result "1-0"]
[WhiteElo "2197"]
[BlackElo "2040"]
[PlyCount "103"]
[EventDate "2018.11.18"]

1. c4 e6 2. g3 d5 3. Bg2 Nf6 4. Nf3 dxc4 5. Qa4+ Bd7 6. Qxc4 c5 7. Ne5 Qc8 8.
Nc3 Nc6 9. Nxd7 Qxd7 10. O-O Rc8 11. d3 Be7 12. Bf4 O-O 13. Rac1 Rfd8 14. Qa4
b6 15. Rfd1 h6 16. Kf1 Nd5 17. Bd2 Bf6 18. a3 Nd4 19. Qxd7 Rxd7 20. Nxd5 exd5
21. Bc3 Re8 22. Rb1 Nb3 23. Bxf6 gxf6 24. e3 Rdd8 25. Bf3 d4 26. e4 b5 27. Bg4
c4 28. Bf5 a5 29. a4 Nc5 30. axb5 Nxd3 31. b3 Ne5 32. bxc4 Nxc4 33. b6 Rb8 34.
Rxd4 Rxb6 35. Ra1 Rb4 36. Rc1 Ne5 37. Rxb4 axb4 38. Rb1 Rb8 39. Rb3 Kf8 40. Ke2
Ke7 41. f4 Nc6 42. Ke3 Rd8 43. Bg4 Kd6 44. Rd3+ Kc5 45. Rxd8 Nxd8 46. Kd3 Nb7
47. Bd1 Nd8 48. Bb3 Ne6 49. h3 Kb5 50. Bxe6 fxe6 51. g4 Kc5 52. h4 1-0

[Event "28th WSCC2018 - Open 50+"]
[Site "Bled"]
[Date "2018.11.25"]
[Round "7.20"]
[White "Biro, Sandor"]
[Black "Bennett, Hilton"]
[Result "1/2-1/2"]
[WhiteElo "2191"]
[BlackElo "1929"]
[PlyCount "84"]
[EventDate "2018.11.18"]

1. b3 d6 2. Bb2 e5 3. g3 Nf6 4. Bg2 g6 5. c4 Bg7 6. Nf3 O-O 7. O-O Re8 8. Nc3
c6 9. e3 h6 10. Rc1 Na6 11. Ne1 Be6 12. Ne2 Qd7 13. d4 e4 14. Nc3 Bh3 15. Qd2
Bxg2 16. Kxg2 Nc7 17. f3 exf3+ 18. Nxf3 Ne4 19. Nxe4 Rxe4 20. Rce1 Rae8 21. Qd3
Qe6 22. Bc1 f5 23. d5 cxd5 24. cxd5 Nxd5 25. Rd1 Nxe3+ 26. Bxe3 Rxe3 27. Qxd6
Re2+ 28. Kh1 Qxd6 29. Rxd6 Kf7 30. g4 Rxa2 31. gxf5 gxf5 32. Rd5 Ke6 33. Rb5 b6
34. Re1+ Kd7 35. Rd1+ Kc6 36. Rxf5 Ra1 37. Rxa1 Bxa1 38. b4 a6 39. Rh5 Re6 40.
Nh4 Bc3 41. Nf5 a5 42. bxa5 bxa5 1/2-1/2

[Event "28th WSCC2018 - Open 50+"]
[Site "Bled"]
[Date "2018.11.25"]
[Round "7.21"]
[White "Gayson, Peter M"]
[Black "Galvan Sarmiento, Jose Luis"]
[Result "1-0"]
[WhiteElo "2141"]
[BlackElo "1868"]
[PlyCount "85"]
[EventDate "2018.11.18"]

1. e4 c5 2. Nf3 e6 3. d4 cxd4 4. Nxd4 a6 5. Bd3 Qc7 6. O-O Nf6 7. Be3 Be7 8.
Nc3 d6 9. Kh1 Nbd7 10. f4 b5 11. a3 Bb7 12. Qf3 Nc5 13. Rae1 O-O 14. Bg1 Nxd3
15. cxd3 Rac8 16. Qg3 Qa5 17. Be3 Kh8 18. h3 Rfe8 19. Nb3 Qd8 20. Bd4 Rg8 21.
Nd2 d5 22. Nf3 dxe4 23. dxe4 Rxc3 24. Ng5 Rf8 25. Bxc3 h6 26. Bxf6 gxf6 27. Nf3
Rg8 28. Qh4 Kh7 29. Rd1 Qe8 30. Qe1 Qc6 31. Qe3 Rg7 32. Rfe1 b4 33. Rc1 Qb5 34.
Rc7 Bd6 35. a4 Qxa4 36. Rxb7 Qc6 37. Rb6 Qc2 38. Qd2 Qxd2 39. Nxd2 Bxf4 40. Nf3
a5 41. Rb5 Bc7 42. Rc1 Bf4 43. Rc8 1-0

[Event "28th WSCC2018 - Open 50+"]
[Site "Bled"]
[Date "2018.11.25"]
[Round "7.22"]
[White "Malinovsky, Petr"]
[Black "Lagunov, Evgenij"]
[Result "0-1"]
[WhiteElo "2048"]
[BlackElo "2272"]
[PlyCount "57"]
[EventDate "2018.11.18"]

1. d4 d5 2. c4 e6 3. Nc3 Be7 4. cxd5 exd5 5. Bf4 c6 6. e3 Nf6 7. h3 Bf5 8. Nf3
h6 9. Bd3 Bxd3 10. Qxd3 Nbd7 11. O-O-O Nf8 12. e4 Ne6 13. Be5 dxe4 14. Nxe4 O-O
15. Bxf6 Bxf6 16. Kb1 Nf4 17. Qd2 Nd5 18. g4 Re8 19. Rhe1 Be7 20. Nc5 Qc7 21.
g5 hxg5 22. Nxg5 b6 23. Nd3 Bf6 24. h4 Bxd4 25. Nb4 Nxb4 26. Qxd4 Nd5 27. Qd3
Nf6 28. Re3 Rad8 29. Rxe8+ {(68)} 0-1

[Event "28th WSCC2018 - Open 50+"]
[Site "Bled"]
[Date "2018.11.25"]
[Round "7.23"]
[White "Jensen, Stein"]
[Black "Namyslo, Holger"]
[Result "0-1"]
[WhiteElo "2011"]
[BlackElo "2254"]
[PlyCount "64"]
[EventDate "2018.11.18"]

1. d4 d5 2. Nf3 Nf6 3. c4 e6 4. e3 c6 5. Bd3 dxc4 6. Bxc4 Nbd7 7. O-O b5 8. Bd3
a6 9. b3 Bb7 10. Bb2 c5 11. Nbd2 Be7 12. Rc1 Rc8 13. Qe2 O-O 14. Ne5 cxd4 15.
Rxc8 Qxc8 16. exd4 Qa8 17. f4 Nb6 18. Bb1 g6 19. Ndf3 Be4 20. Ng5 Bxb1 21. Rxb1
h6 22. Nxg6 fxg6 23. Qxe6+ Kh8 24. Qxe7 Nbd5 25. Qe5 hxg5 26. fxg5 Re8 27. Qd6
Nh7 28. Rf1 Re2 29. Rf7 Rxb2 30. Qe5+ Ndf6 31. d5 Rb1+ 32. Kf2 Qxd5 0-1

[Event "28th WSCC2018 - Open 50+"]
[Site "Bled"]
[Date "2018.11.25"]
[Round "7.24"]
[White "Davis, Lee"]
[Black "Matthews, Shane"]
[Result "0-1"]
[WhiteElo "1948"]
[BlackElo "2243"]
[PlyCount "74"]
[EventDate "2018.11.18"]

1. g3 Nf6 2. d4 g6 3. Bg2 Bg7 4. Nf3 O-O 5. c4 d6 6. O-O Nbd7 7. Nc3 e5 8. e4
exd4 9. Nxd4 Re8 10. Re1 a6 11. Rb1 Ne5 12. b3 c5 13. Nc2 Rb8 14. Bb2 Bg4 15.
f3 Be6 16. Qd2 Qa5 17. Rbd1 Bxc4 18. Ne3 Be6 19. Qc1 Rbd8 20. f4 Nc6 21. e5
dxe5 22. Bxc6 bxc6 23. Nc4 Bxc4 24. bxc4 exf4 25. Rxd8 Rxd8 26. gxf4 h5 27. f5
Qb4 28. fxg6 fxg6 29. Ne4 Nxe4 30. Bxg7 Kxg7 31. Rxe4 Qd2 32. Qa1+ Kh6 33. Qf6
Qc1+ 34. Kf2 Rd2+ 35. Re2 Rxe2+ 36. Kxe2 Qxc4+ 37. Ke1 Qe4+ 0-1

[Event "28th WSCC2018 - Open 50+"]
[Site "Bled"]
[Date "2018.11.25"]
[Round "7.25"]
[White "Kolesar, Milan"]
[Black "Zimmermann, Curt"]
[Result "1-0"]
[WhiteElo "2198"]
[BlackElo "1943"]
[PlyCount "25"]
[EventDate "2018.11.18"]

1. Nf3 d5 2. d4 Nf6 3. c4 c6 4. cxd5 cxd5 5. Nc3 Nc6 6. Bf4 Bf5 7. e3 a6 8. Ne5
Rc8 9. Qb3 Bd7 10. Qxb7 e6 11. Nxd7 Nxd7 12. Bxa6 Nb6 13. Bb5 1-0

[Event "28th WSCC2018 - Open 50+"]
[Site "Bled"]
[Date "2018.11.25"]
[Round "7.26"]
[White "Lopez De Turiso, Jose Angel"]
[Black "Teo, Kok Siong"]
[Result "0-1"]
[WhiteElo "1934"]
[BlackElo "2191"]
[PlyCount "54"]
[EventDate "2018.11.18"]

1. e4 e6 2. d4 d5 3. Nd2 Nc6 4. Ngf3 Nf6 5. e5 Nd7 6. c3 f6 7. exf6 Qxf6 8. Be2
Bd6 9. Nf1 O-O 10. Bg5 Qf7 11. Qc2 e5 12. Be3 Nf6 13. dxe5 Nxe5 14. Nxe5 Bxe5
15. O-O-O Be6 16. Nd2 Ng4 17. Bc5 Rfe8 18. f3 b6 19. fxg4 bxc5 20. Rdf1 Qe7 21.
h4 c4 22. Kb1 Bf7 23. Ka1 Bg6 24. Qd1 Rab8 25. Nf3 Rxb2 26. Nxe5 Qa3 27. Bxc4
Rxa2+ 0-1

[Event "28th WSCC2018 - Open 50+"]
[Site "Bled"]
[Date "2018.11.25"]
[Round "7.27"]
[White "Resika, Nathan"]
[Black "Brongers, Henk"]
[Result "1-0"]
[WhiteElo "2124"]
[BlackElo "2016"]
[PlyCount "63"]
[EventDate "2018.11.18"]

1. c4 e5 2. g3 d6 3. Nc3 g6 4. Bg2 Bg7 5. d3 Nf6 6. Nf3 O-O 7. O-O Nc6 8. Rb1
a5 9. a3 Nd4 10. b4 axb4 11. axb4 Nxf3+ 12. Bxf3 c6 13. Bg5 Be6 14. Qb3 Qd7 15.
b5 h6 16. Bxf6 Bxf6 17. Rfc1 Bg5 18. Rc2 f5 19. Ra2 f4 20. Rba1 Rxa2 21. Rxa2
fxg3 22. hxg3 Bg4 23. bxc6 bxc6 24. Bxg4 Qxg4 25. Ne4 Qf5 26. Ra1 Qf7 27. Qb6
d5 28. Nxg5 hxg5 29. Ra7 Qf5 30. cxd5 cxd5 31. e3 Qh3 32. Qxg6+ 1-0

[Event "28th WSCC2018 - Open 50+"]
[Site "Bled"]
[Date "2018.11.25"]
[Round "7.28"]
[White "Cmiel, Thorsten"]
[Black "Kainz, Josef"]
[Result "1-0"]
[WhiteElo "2122"]
[BlackElo "1907"]
[PlyCount "87"]
[EventDate "2018.11.18"]

1. e4 c5 2. Nc3 Nc6 3. Bb5 g6 4. Bxc6 dxc6 5. f4 Nf6 6. Nf3 Bg7 7. O-O O-O 8.
d3 b6 9. Qe1 a5 10. Kh1 e6 11. a4 Ne8 12. e5 Ba6 13. b3 f5 14. exf6 Qxf6 15.
Bd2 Qf5 16. Ne5 Bxe5 17. fxe5 Qxf1+ 18. Qxf1 Rxf1+ 19. Rxf1 Kg7 20. Bg5 h6 21.
Be7 b5 22. Bf8+ Kg8 23. Bxc5 bxa4 24. Rf8+ Kg7 25. bxa4 Rc8 26. Kg1 g5 27. g4
Kg6 28. h3 h5 29. Kf2 hxg4 30. hxg4 Nc7 31. Rxc8 Bxc8 32. Bb6 Na6 33. Bxa5 c5
34. Ke3 Bd7 35. Bb6 Nb4 36. Bxc5 Nd5+ 37. Nxd5 exd5 38. a5 Bxg4 39. Kd4 Be6 40.
a6 Bc8 41. a7 Bb7 42. e6 g4 43. Ke5 g3 44. Kd6 1-0

[Event "28th WSCC2018 - Open 50+"]
[Site "Bled"]
[Date "2018.11.25"]
[Round "7.29"]
[White "Lochte, Thomas"]
[Black "Ruiz Bellon, Manuel"]
[Result "0-1"]
[WhiteElo "2105"]
[BlackElo "1934"]
[PlyCount "62"]
[EventDate "2018.11.18"]

1. e4 e6 2. d4 d5 3. Nd2 Nf6 4. e5 Nfd7 5. Bd3 c5 6. c3 Nc6 7. Ne2 Qb6 8. O-O
Be7 9. Nf3 f6 10. Nf4 Nf8 11. dxc5 Bxc5 12. exf6 gxf6 13. Nh4 Ne5 14. Qh5+ Nf7
15. b4 Be7 16. Re1 Qd6 17. Bb5+ Bd7 18. Bxd7+ Qxd7 19. Nxe6 Nxe6 20. Nf5 Kf8
21. Rxe6 Qxe6 22. Bh6+ Kg8 23. Qg4+ Ng5 24. Bxg5 fxg5 25. Qf3 Rf8 26. g4 h5 27.
Rd1 hxg4 28. Nxe7+ Qxe7 29. Qxd5+ Rf7 30. c4 Qf6 31. Rd2 Qf4 0-1

[Event "28th WSCC2018 - Open 50+"]
[Site "Bled"]
[Date "2018.11.25"]
[Round "7.30"]
[White "Severcan, Sedat Sabri"]
[Black "Belmont Hernandez, Andres"]
[Result "1-0"]
[WhiteElo "1883"]
[BlackElo "2080"]
[PlyCount "61"]
[EventDate "2018.11.18"]

1. d4 Nf6 2. Nf3 e6 3. g3 d5 4. Bg2 c5 5. c3 Nc6 6. O-O Be7 7. dxc5 Bxc5 8. b4
Be7 9. a4 O-O 10. Na3 Ne4 11. Bb2 Bf6 12. b5 Na5 13. Nd4 Nc5 14. Ra2 e5 15. Nf3
Be6 16. Nd2 Rc8 17. Ra1 Bf5 18. c4 d4 19. Bd5 Qd7 20. Nc2 Rfe8 21. f3 d3 22.
Nb4 dxe2 23. Qxe2 Nab3 24. Ra3 Nd4 25. Bxd4 exd4 26. Ne4 Nxe4 27. fxe4 Bg4 28.
Qd3 Rc7 29. Ra2 Qd6 30. Nc2 Qc5 31. Ne1 {(57)} 1-0

[Event "28th WSCC2018 - Open 50+"]
[Site "Bled"]
[Date "2018.11.25"]
[Round "7.31"]
[White "Cetinkaya, Vedat Ali"]
[Black "Bulgarini Torre, Marco"]
[Result "1-0"]
[WhiteElo "2056"]
[BlackElo "1863"]
[PlyCount "73"]
[EventDate "2018.11.18"]

1. d4 Nf6 2. Nf3 c5 3. c3 Qc7 4. g3 b6 5. Bg2 Bb7 6. Bf4 d6 7. Na3 a6 8. O-O
Nbd7 9. Re1 e6 10. Qd3 Be4 11. Qd2 c4 12. Qe3 b5 13. Bh3 h6 14. g4 g5 15. Bg3
Be7 16. Rad1 Nb6 17. Qc1 Qb7 18. Nd2 Bc6 19. f3 h5 20. e4 hxg4 21. Bxg4 Nxg4
22. fxg4 O-O-O 23. b3 f5 24. d5 Nxd5 25. exd5 Bxd5 26. bxc4 Bh1 27. Re2 f4 28.
Be1 f3 29. Rf2 Bg2 30. Nf1 Rh3 31. Ne3 Rh6 32. cxb5 d5 33. Nac2 Bd6 34. Rxg2
fxg2 35. Kxg2 Rf8 36. bxa6 d4+ 37. axb7+ 1-0

[Event "28th WSCC2018 - Open 50+"]
[Site "Bled"]
[Date "2018.11.25"]
[Round "7.33"]
[White "Gavrish, Leonid"]
[Black "Araya Umana, Carlos"]
[Result "1-0"]
[WhiteElo "2144"]
[BlackElo "1870"]
[PlyCount "57"]
[EventDate "2018.11.18"]

1. d4 Nf6 2. c4 g6 3. Nc3 d5 4. cxd5 Nxd5 5. e4 Nxc3 6. bxc3 Bg7 7. Bg5 c5 8.
Rc1 Nc6 9. d5 Ne5 10. Be2 O-O 11. Nf3 Bg4 12. O-O Bxf3 13. gxf3 Qc7 14. f4 f6
15. Bh4 Nf7 16. Bg3 Qa5 17. Qb3 Rab8 18. f5 Nd6 19. fxg6 hxg6 20. c4 a6 21. Kh1
Rfc8 22. Bxd6 exd6 23. Bg4 Rd8 24. Be6+ Kf8 25. Qg3 g5 26. f4 Qd2 27. fxg5 Ke7
28. gxf6+ Bxf6 29. Qg6 1-0

[Event "28th WSCC2018 - Open 50+"]
[Site "Bled"]
[Date "2018.11.25"]
[Round "7.34"]
[White "Hoffmann, Michael"]
[Black "Metge, J. Nigel"]
[Result "1/2-1/2"]
[WhiteElo "1970"]
[BlackElo "2130"]
[PlyCount "105"]
[EventDate "2018.11.18"]

1. d4 e6 2. Nf3 f5 3. c4 Nf6 4. Nc3 d6 5. g3 Be7 6. Bg2 O-O 7. O-O a5 8. b3 Ne4
9. Bb2 Nxc3 10. Bxc3 Qe8 11. Ne1 Nd7 12. Nd3 Bf6 13. e4 fxe4 14. Bxe4 c5 15.
Ne1 cxd4 16. Bxd4 Nc5 17. Bg2 Qe7 18. Bxf6 Qxf6 19. Nd3 Qd4 20. Nxc5 Qxc5 21.
Qd2 Ra6 22. Rad1 a4 23. Qd4 axb3 24. axb3 Qxd4 25. Rxd4 Kf7 26. Rfd1 Ke7 27. f4
Rf5 28. Be4 Rh5 29. b4 e5 30. fxe5 Rxe5 31. Bxh7 Re2 32. Re4+ Rxe4 33. Bxe4 Ra2
34. Bd5 Rb2 35. b5 Re2 36. h4 Be6 37. Kf1 Re5 38. Bxe6 Kxe6 39. Re1 Rxe1+ 40.
Kxe1 Ke5 41. Kd2 Kd4 42. g4 Ke4 43. Kc3 Kf4 44. Kd4 Kxg4 45. Kd5 Kxh4 46. Kxd6
g5 47. c5 g4 48. c6 bxc6 49. bxc6 g3 50. c7 g2 51. c8=Q g1=Q 52. Qh8+ Kg3 53.
Qg7+ 1/2-1/2

[Event "28th WSCC2018 - Open 50+"]
[Site "Bled"]
[Date "2018.11.25"]
[Round "7.36"]
[White "Phillips, Owen S"]
[Black "Lopez Pereyra, Antonio"]
[Result "0-1"]
[WhiteElo "1894"]
[BlackElo "2066"]
[PlyCount "68"]
[EventDate "2018.11.18"]

1. d4 e6 2. g3 f5 3. Bg2 Nf6 4. Nf3 Be7 5. c4 d6 6. Nc3 O-O 7. O-O a5 8. Qc2
Nc6 9. a3 e5 10. d5 Nb8 11. Bg5 Qe8 12. b4 Qh5 13. e4 h6 14. Bxf6 Bxf6 15. Nd2
f4 16. Bf3 Qg6 17. c5 Bh3 18. Bg2 Bxg2 19. Kxg2 Be7 20. Nb5 Na6 21. cxd6 cxd6
22. bxa5 Rac8 23. Qb1 Nc5 24. f3 fxg3 25. hxg3 Bh4 26. g4 Qg5 27. Nc4 Rxf3 28.
Kxf3 Qf4+ 29. Ke2 Qxg4+ 30. Kd2 Nxe4+ 31. Kd3 Nf2+ 32. Rxf2 Qxc4+ 33. Ke3 Qc5+
34. Kd3 Bxf2 0-1

[Event "28th WSCC2018 - Open 50+"]
[Site "Bled"]
[Date "2018.11.25"]
[Round "7.37"]
[White "Marcos Herrero, Francisco"]
[Black "Povse, Martin"]
[Result "1-0"]
[WhiteElo "1889"]
[BlackElo "2014"]
[PlyCount "65"]
[EventDate "2018.11.18"]

1. d4 f5 2. Nf3 Nf6 3. g3 g6 4. Bg2 Bg7 5. c4 d6 6. Nc3 O-O 7. O-O c6 8. Re1
Qc7 9. e4 fxe4 10. Ng5 e5 11. dxe5 dxe5 12. Qb3 Na6 13. Be3 Ng4 14. Ncxe4 Nxe3
15. Rxe3 Qe7 16. Rd1 Bh6 17. h4 Nc5 18. Qa3 b6 19. Nxc5 bxc5 20. f4 Bg7 21.
Bxc6 Bg4 22. Rde1 Rab8 23. Bd5+ Kh8 24. Rxe5 Qd6 25. Qxa7 h6 26. Re7 Qf6 27.
Rf7 Qd4+ 28. Kh1 hxg5 29. Rxg7 Qxg7 30. Re7 Qh6 31. Qc7 Rg8 32. Qe5+ Rg7 33.
Qxb8+ 1-0

[Event "28th WSCC2018 - Open 50+"]
[Site "Bled"]
[Date "2018.11.25"]
[Round "7.38"]
[White "Melkevik, Johannes"]
[Black "Schmuki, Roman"]
[Result "1/2-1/2"]
[WhiteElo "1865"]
[BlackElo "2011"]
[PlyCount "39"]
[EventDate "2018.11.18"]

1. d4 Nf6 2. Bf4 e6 3. e3 d5 4. Nd2 Nbd7 5. Ngf3 c5 6. c3 Be7 7. Bd3 a6 8. Ne5
Nxe5 9. Bxe5 Bd6 10. Bg3 Qc7 11. Nf3 b6 12. Ne5 Bb7 13. O-O h5 14. f4 h4 15.
Be1 O-O-O 16. Nf3 h3 17. g3 Ng4 18. Qe2 c4 19. Bc2 Nf6 20. Bd2 1/2-1/2

[Event "28th WSCC2018 - Open 50+"]
[Site "Bled"]
[Date "2018.11.25"]
[Round "7.39"]
[White "Serafim Junior, Arnor"]
[Black "Spiess, Thomas"]
[Result "0-1"]
[WhiteElo "1845"]
[BlackElo "1975"]
[PlyCount "114"]
[EventDate "2018.11.18"]

1. Nf3 d5 2. g3 c6 3. Bg2 Nf6 4. d3 Bg4 5. Nbd2 Nbd7 6. O-O e6 7. e4 Ne5 8. Qe1
Nxf3+ 9. Nxf3 Bxf3 10. Bxf3 Qb6 11. a3 Be7 12. b4 O-O 13. c4 dxc4 14. dxc4 Qd4
15. Bg5 h6 16. Bxf6 Bxf6 17. Rc1 Qd3 18. Qe2 Qxa3 19. e5 Bxe5 20. b5 Qc5 21.
bxc6 bxc6 22. Bxc6 Qxc6 23. Qxe5 a5 24. Ra1 a4 25. Rfc1 Rfc8 26. c5 Ra5 27. Qf4
a3 28. Qb4 Ra4 29. Qb3 Rca8 30. Rc4 Rxc4 31. Qxc4 Qd5 32. Qb5 a2 33. Qb2 e5 34.
c6 Qxc6 35. Rxa2 Rxa2 36. Qxa2 e4 37. Qa7 g6 38. Qe3 Kh7 39. Qa7 Qe6 40. Qd4 h5
41. Qa7 h4 42. gxh4 Qg4+ 43. Kh1 Qf3+ 44. Kg1 Kh6 45. Qe7 Qf4 46. Kg2 Kh5 47.
Qd8 Qf3+ 48. Kg1 f6 49. Qe8 Qd1+ 50. Kg2 Qg4+ 51. Kf1 Qf5 52. Qe7 Kg4 53. Qa3
Qf3 54. Qd6 Qd3+ 55. Qxd3 exd3 56. h5 gxh5 57. Ke1 Kf3 0-1